Historias de normales, memorias de maestros (Record no. 214999)

MARC details
000 -CABECERA
campo de control de longitud fija 01878nam a22002897a 4500
003 - IDENTIFICADOR DEL NÚMERO DE CONTROL
campo de control MX-MxUPN
005 - FECHA Y HORA DE LA ÚLTIMA TRANSACCIÓN
campo de control 20260427104333.0
007 - CAMPO FIJO DE DESCRIPCIÓN FÍSICA--INFORMACIÓN GENERAL
campo de control de longitud fija cr |||aaa|||||
008 - ELEMENTOS DE LONGITUD FIJA--INFORMACIÓN GENERAL
campo de control de longitud fija 260427s2009 mx| ||||o|||| 000 0 spa d
020 ## - NÚMERO INTERNACIONAL NORMALIZADO PARA LIBROS
Número Internacional Estándar del Libro 9786077771050 (UAEM)
020 ## - NÚMERO INTERNACIONAL NORMALIZADO PARA LIBROS
Número Internacional Estándar del Libro 9786077700159 (Juan Pablos Editor)
040 ## - FUENTE DE LA CATALOGACIÓN
Centro catalogador/agencia de origen MX-MxUPN
Lengua de catalogación spa
Normas de descripción aacr2
041 0# - CÓDIGO DE IDIOMA
Código de lengua del texto/banda sonora o título independiente spa
050 #4 - SIGNATURA TOPOGRÁFICA DE LA BIBLIOTECA DEL CONGRESO
Número de clasificación LB2002 M8
245 00 - MENCIÓN DE TÍTULO
Título Historias de normales, memorias de maestros
Medio [recurso electrónico en línea]
250 ## - MENCIÓN DE EDICIÓN
Mención de edición Primera edición
260 ## - PUBLICACIÓN, DISTRIBUCIÓN, ETC.
Lugar de publicación, distribución, etc. México :
Nombre del editor, distribuidor, etc. Juan Pablos :
-- Universidad Autónoma del Estado de Morelos :
-- Universidad Pedagógica Nacional-Morelos,
Fecha de publicación, distribución, etc. 2009
300 ## - DESCRIPCIÓN FÍSICA
Extensión 1 recurso en línea (229 páginas) :
Otras características físicas ilustraciones, PDF
490 0# - MENCIÓN DE SERIE
Mención de serie Colección Ediciones mínimas. Educación ;
Designación de volumen o secuencia 3
505 0# - NOTA DE CONTENIDO CON FORMATO PREESTABLECIDO
Título El Centro de Actualización del Magisterio /
Mención de responsabilidad María del Carmen Jaimes Ruiz. --
Título La Escuela Particular Normal Superior del Estado: apuntes sobre su emergencia /
Mención de responsabilidad Sonia Stella Araújo-Olivera y Marcos J. Estrada Ruiz. --
Título Amilcingo: los desafíos de la tradición /
Mención de responsabilidad Roberto González Villarreal y Ricardo Amann Escobar. --
Título La Escuela Normal Urbana Federal Cuautla /
Mención de responsabilidad Leonardo Caballero Serrano, Cony B. Saeger P. y Carlos Zaldívar Rivas. --
Título La normal del sindicato: apuntes sobre una escuela particular /
Mención de responsabilidad Roberto González Villarreal, Adelina Arredondo y Joel Espinosa Obispo. --
Título Los Centros de Maestros en el estado de Morelos /<br/>
Mención de responsabilidad María Adelina Castañeda Salgado, e Hilda Constantino Castro. --
Título Proyectos educativos y cambios curriculares en la formación docente /
Mención de responsabilidad María Teresa Yurén.
506 0# - NOTA DE RESTRICCIONES AL ACCESO
Limitaciones de acceso Acceso abierto
650 #4 - ASIENTO SECUNDARIO DE MATERIA - TERMINO TEMATICO
Término de materia o nombre geográfico como elemento de entrada Escuelas normales
Subdivisión geográfica Morelos
Subdivisión general Historia
9 (RLIN) 59378
700 1# - ASIENTO SECUNDARIO--NOMBRE DE PERSONAL
Nombre de persona Arredondo López, María Adelina
9 (RLIN) 31528
Término indicativo de función/relación coordinación
856 40 - LOCALIZACIÓN Y ACCESO ELECTRÓNICOS
Identificador Uniforme del Recurso <a href="http://riaa.uaem.mx/handle/20.500.12055/210">http://riaa.uaem.mx/handle/20.500.12055/210</a>
902 ## - ELEMENTOS DE DATOS B LOCAL, LDB (RLIN)
Creó VíctorGodínez/270426
942 ## - ELEMENTOS DE PUNTO DE ACCESO ADICIONAL (KOHA)
Fuente del sistema de clasificación o colocación Library of Congress Classification
Tipo de ítem Koha Libro Electrónico
Holdings
Estado de retiro Estado de pérdida Fuente del sistema de clasificación o colocación Estado dañado No para préstamo Código de colección Localización permanente Ubicación/localización actual Ubicación en estantería Fecha de adquisición Total de préstamos Clasificación Fecha visto por última vez Identificador Uniforme del Recurso Precio válido a partir de Tipo de ítem Koha
    Library of Congress Classification     Acceso abierto Bib. Gregorio Torres Quintero Bib. Gregorio Torres Quintero En línea 27/04/2026   LB2002 M8 27/04/2026 http://riaa.uaem.mx/handle/20.500.12055/210 27/04/2026 Libro Electrónico